Score 0/45 Timer 04:00
0 Plays Today
% Correct
Agatha
93.2%
P.D.
92.6%
Dashiell
91%
Raymond
89.8%
Stieg
88.2%
Ian
86.7%
Ruth
86.4%
Jo
86.1%
Patricia
85.8%
Sue
83.9%
Dorothy
83.9%
Ed
83.6%
Ngaio
82.7%
Val
81.7%
James
80.2%
Colin
79.9%
Janet
79.3%
Kathy
78.9%
Minnette
78.9%
Georges
77.1%
Henning
76.5%
Reginald
75.5%
Jeffrey
75.2%
% Correct
Michael
74.3%
David
73.7%
Andrea
70.9%
Frances
70.9%
M.C.
70.6%
Carl
70.6%
Donna
70%
Denise
70%
Jacqueline
68.1%
Arnaldur
65.6%
Robert
61.3%
Linwood
61%
George
59.4%
John
56.7%
Mari
56%
Edward
54.8%
Lawrence
52%
Stuart
48.3%
Peter
45.5%
Andrew
45.5%
Lindsay
32.2%
Jeff
29.1%
Remove Ads.
Support Sporcle.
Get the best of Sporcle when you Go Orange. This ad-free experience offers more features, more stats, and more fun while also helping to support Sporcle. Thank you for becoming a member.

You're not logged in!

Compare scores with friends on all Sporcle quizzes.
OR
Log In

Show Comments

Extras

Top Quizzes Today


Score Distribution

Your Account Isn't Verified!

In order to create a playlist on Sporcle, you need to verify the email address you used during registration. Go to your Sporcle Settings to finish the process.

Report this User

Report this user for behavior that violates our Community Guidelines.

Details: